01516nam a2200301 a 450000100060000000300080000600500170001400800410003103500190007204000310009104100080012208200250013024500820015526000400023730000270027750001820030450400290048650500890051565000310060470000320063571000700066771000630073771100890080094200120088999900170090195201480091895201480106671978BD-RjUL20211209082209.0170511s1965 nyua b 100 0 eng c a(BD-RjUL)72194 aDLC/ICUcCGUdBD-RjULbeng aeng0 a541.28223bMOD 196510aModern quantum chemistry :bIstanbul lectures /cEdited by Oktay Sinanoğlu. aNew York :bAcademic Press,cc1965. av. 3 :bill. ;c24 cm. a"Sponsored by the Pure Science Bureau of NATO and was organized with the cooperation of Orta Doğu, Teknik Üniversitesi (Middle East Technical University) of Ankara, Turkey." aIncludes bibliographies.0 apt. 1. Orbitals.--pt. 2. Interactions.--pt. 3. Action of light and organic crystals. 0aQuantum chemistry.91201131 aSinanoğlu, Oktay.92128892 aNorth Atlantic Treaty Organization.bPure Science Bureau.92128902 aOrta Doğu Teknik Üniversitesi (Ankara, Turkey)9212891 aInternational Summer School of Quantum ChemistrycIstanbul, Turkey)d(1964 :9212892 2ddccBK c71978d71978 00102ddc40718NFICaRUCLbRUCLcReadingd1968-04-14eZeithlinger.g280.00l0o541.28 MOD Pt-3 1965r2017-05-11 00:00:00tC-1w2021-12-09yBK 00102ddc40718NFICaRUCLbRUCLcReadingd1968-04-14eZeithlinger.g280.00l0o541.28 MOD Pt-1 1965r2017-05-11 00:00:00tC-1w2017-05-11yBK